[Event "Chess #6"]
[Site "http://www.queenalice.com/game.php?id=199609"]
[Date "2007.4.20"]
[Round "-"]
[White "Bob_002"]
[Black "Tribal_Voice"]
[Result "1-0"]
[WhiteElo "1179"]
[BlackElo "1463"]

1. d4 d5 2. c4 c6 3. c5 e6 4. Nc3 Qa5 5. Bd2 Nd7 6. e4 b6 7. Nb1 Qa6 8. Bxa6
Bxa6 9. Nc3 bxc5 10. Nge2 cxd4 11. Nxd4 c5 12. Ndb5 Rc8 13. Qa4 Bxb5 14. Nxb5
Ngf6 15. e5 Ne4 16. Nxa7 Ra8 17. Qa6 Be7 18. Qb7 O-O 19. Qxd7 Bh4 20. g3 Bg5 21.
Bxg5 Nxg5 22. Nc6 Nf3+ 23. Ke2 Ng5 24. f3 c4 25. h4 Nxf3 26. Kxf3 h6 27. b3 Ra3
28. Qd6 Ra6 29. Ne7+ Kh7 30. Qxa6 cxb3 31. axb3 Rb8 32. Rab1 Rb4 33. h5 Re4 34.
b4 Rxe5 35. g4 Re4 36. Qd3 g6 37. Rhe1 Rc4 38. Nxg6 fxg6 39. Qxg6+ Kh8 40. Rxe6
Rc3+ 41. Ke2 Rc2+ 42. Kd3 Rc8 43. Re8+ Rxe8 44. Qxe8+ Kg7 45. Re1 Kf6 46. Qe7#
1-0

[Event "Chess # 7"]
[Site "http://www.queenalice.com/game.php?id=205703"]
[Date "2007.5.3"]
[Round "-"]
[White "Tribal_Voice"]
[Black "Bob_002"]
[Result "0-1"]
[WhiteElo "1355"]
[BlackElo "1310"]

1. Nf3 d5 2. d4 Nf6 3. e3 Nc6 4. c3 Bg4 5. Be2 Bxf3 6. Bxf3 e5 7. O-O e4 8. Be2
Bd6 9. f3 Qd7 10. Nd2 exf3 11. Nxf3 O-O 12. Bd2 Ne4 13. Be1 Qe6 14. b4 Qh6 15.
Nh4 g5 16. Nf5 Qxh2# 0-1

[Event "Chess # 8"]
[Site "http://www.queenalice.com/game.php?id=205707"]
[Date "2007.5.3"]
[Round "-"]
[White "Bob_002"]
[Black "Tribal_Voice"]
[Result "1-0"]
[WhiteElo "1350"]
[BlackElo "1321"]

1. d4 d5 2. c4 c6 3. Nc3 b6 4. a4 a5 5. e4 e6 6. e5 Bb4 7. Bd2 Na6 8. Nh3 Ne7 9.
Bd3 Nf5 10. Bg5 f6 11. exf6 gxf6 12. Bf4 Nxd4 13. Qh5+ Ke7 14. O-O Nc5 15. Be2
e5 16. Bh6 Rg8 17. Ng5 Rg6 18. Nxh7 Bf5 19. Bf8+ Kf7 20. Bg4 Qd7 21. Bxf5 Nxf5
22. Rfd1 Nd4 23. Bxc5 bxc5 24. cxd5 cxd5 25. f4 Qg4 26. Ng5+ Qxg5 27. fxg5 fxg5
28. Rf1+ Kg7 29. Nxd5 Rh8 30. Rf7+ Kxf7 31. Qxh8 c4 32. Qxe5 Nc2 33. Qc7+ Ke6
34. Qxc4 Nxa1 35. Nf4+ Kf5 36. g4+ Ke5 37. Nxg6+ Kf6 38. Qd3 Bc5+ 39. Kg2 Bb4
40. b3 Nxb3 41. Qxb3 Kxg6 42. h4 gxh4 43. Kh3 Kg5 44. Qd5+ Kg6 45. Kxh4 Be1+ 46.
Kh3 Bb4 47. Qf5+ Kh6 48. g5+ Kh5 49. g6+ Kh6 50. Qe6 Kg7 51. Qf7+ Kh8 52. Qh7#
1-0

[Event "Chess!"]
[Site "http://www.queenalice.com/game.php?id=224643"]
[Date "2007.6.13"]
[Round "-"]
[White "Tribal_Voice"]
[Black "ROLAND"]
[Result "1-0"]
[WhiteElo "1274"]
[BlackElo "1354"]

1. Nf3 Nc6 2. d4 Nf6 3. e3 e6 4. c3 d5 5. Bb5 Qd7 6. Ne5 Qd6 7. b3 a6 8. Ba3 Qd8
9. Bxc6+ bxc6 10. Nxc6 Qd7 11. Ne5 Qd8 12. Bxf8 Rxf8 13. Nd2 g6 14. O-O Nh5 15.
Qc2 Qg5 16. Ndf3 Qf6 17. b4 Bb7 18. Qa4+ Ke7 19. Qd7# 1-0

[Event "Rash Chess 2!"]
[Site "http://www.queenalice.com/game.php?id=224646"]
[Date "2007.6.13"]
[Round "-"]
[White "Bob_002"]
[Black "Tribal_Voice"]
[Result "0-1"]
[WhiteElo "1405"]
[BlackElo "1336"]

1. d4 d5 2. c4 c6 3. Nf3 e6 4. Nc3 Bb4 5. Bd2 Bxc3 6. Bxc3 Nf6 7. cxd5 cxd5 8.
Bb4 Nc6 9. Ne5 Nxb4 10. Qa4+ Nc6 11. Qa3 Qa5+ 12. Qc3 Ne4 13. Qxa5 Nxa5 14. Rc1
O-O 15. e3 f6 16. Nd3 Bd7 17. f3 Nd6 18. Nc5 Bc8 19. Bd3 b6 20. Na6 b5 21. Nc7
Rb8 22. Rc5 a6 23. O-O Nac4 24. Rf2 Rf7 25. b3 Nxe3 26. Re2 Nef5 27. Nxe6 Bxe6
28. Rxe6 Re7 29. Rxe7 Nxe7 30. Rc7 Nef5 31. Rd7 Rb6 32. Bxf5 Nxf5 33. Rxd5 Ne3
34. Rc5 Rd6 35. Kf2 Nd5 36. Ke2 Nf4+ 37. Ke3 Ne6 38. Rc3 Rxd4 39. Rd3 Rf4 40.
Rd6 Kf7 41. Rxa6 Rf5 42. Ra7+ Kg6 43. a4 Re5+ 44. Kf2 bxa4 45. bxa4 Nf4 46. a5
Re2+ 47. Kg3 Nd5 48. a6 Ra2 49. h3 h5 50. h4 Ne3 51. Kf4 Nxg2+ 52. Ke4 Nxh4 53.
Kd5 Nxf3 54. Kc6 h4 55. Kb6 h3 56. Ra8 Rb2+ 57. Kc7 Ra2 58. Kb7 h2 59. Rh8 Ra1
60. a7 h1=Q 61. Rxh1 Rxa7+ 62. Kxa7 Kf5 0-1

[Event "AUTO-BEG-112"]
[Site "http://www.queenalice.com/game.php?id=228668"]
[Date "2007.6.21"]
[Round "1"]
[White "Tribal_Voice"]
[Black "magalhaes"]
[Result "1-0"]
[WhiteElo "1358"]
[BlackElo "1821"]

1. Nf3 Nc6 2. d4 d5 3. e3 Bf5 4. c3 Nf6 5. Qa4 Bd7 6. Bb5 a6 7. Bxc6 Bxc6 8. Qc2
e6 9. O-O Bd6 10. b4 O-O 11. Nbd2 Re8 12. a3 Nd7 13. e4 e5 14. Nxe5 Nxe5 15.
dxe5 Bxe5 16. Rd1 Qd7 17. a4 Qg4 18. h3 Qg6 19. Nf3 dxe4 20. Nxe5 Rxe5 21. Be3
Rh5 22. Kf1 Rf8 23. Qd2 f5 24. Bf4 e3 25. Qa2+ Kh8 26. fxe3 Qf6 27. b5 axb5 28.
Qe2 Rh4 29. axb5 Be4 30. Rd7 g5 31. Bxc7 Qxc3 32. Ra3 Qc1+ 33. Kf2 Rh6 34. Be5+
Rhf6 35. Bxf6+ Kg8 36. Qa2+ Qc4 37. Qxc4+ 1-0

[Event "AUTO-BEG-112"]
[Site "http://www.queenalice.com/game.php?id=228669"]
[Date "2007.6.21"]
[Round "1"]
[White "magalhaes"]
[Black "Tribal_Voice"]
[Result "0-1"]
[WhiteElo "1821"]
[BlackElo "1358"]

1. e4 e5 2. Nf3 Nc6 3. Nc3 Nf6 4. d3 Bb4 5. Bd2 O-O 6. g3 d6 7. Bg2 Bg4 8. Ne2
Bxd2+ 9. Qxd2 Qd7 10. O-O Bh3 11. Rfe1 Bxg2 12. Kxg2 Qg4 13. h3 Qd7 14. d4 Nxe4
15. Qd3 d5 16. Nxe5 Nxe5 17. dxe5 Ng5 18. Nf4 Rad8 19. Rad1 c6 20. c4 a6 21.
cxd5 cxd5 22. h4 Ne6 23. Nxd5 Qc6 24. Qf3 Rfe8 25. Nc3 Qb6 26. b3 Nd4 27. Qe3
Qc6+ 28. f3 Nc2 29. Qc1 Qxc3 30. Re2 Rxd1 31. Qxd1 Ne3+ 32. Rxe3 Qxe3 33. f4
Qe4+ 34. Kh2 Rc8 35. Kg1 h6 36. Qd7 Rc1+ 37. Kf2 Rc2+ 0-1

[Event "AUTO-BEG-112"]
[Site "http://www.queenalice.com/game.php?id=265252"]
[Date "2007.9.1"]
[Round "2"]
[White "Tribal_Voice"]
[Black "kanibal"]
[Result "1-0"]
[WhiteElo "1392"]
[BlackElo "1529"]

1. Nf3 Nf6 2. g3 g6 3. Bg2 Bg7 4. O-O O-O 5. Nc3 d5 6. d4 Nc6 7. Bf4 b5 8. Nxb5
a6 9. Nc3 Bf5 10. Ne5 Nxe5 11. dxe5 Ng4 12. Qxd5 Qxd5 13. Nxd5 Rab8 14. Nxe7+
Kh8 15. b3 Rfe8 16. Nxf5 gxf5 17. h3 Nh6 18. Rad1 f6 19. exf6 Bxf6 20. Bxh6 Bg7
21. Be3 Re5 22. Rd7 Rc8 23. Bd4 Rxe2 24. Bxg7+ Kg8 25. Bd5+ Re6 26. Bxe6# 1-0

[Event "AUTO-BEG-112"]
[Site "http://www.queenalice.com/game.php?id=265253"]
[Date "2007.9.1"]
[Round "2"]
[White "kanibal"]
[Black "Tribal_Voice"]
[Result "0-1"]
[WhiteElo "1559"]
[BlackElo "1413"]

1. e4 e5 2. Nf3 Nc6 3. Bc4 Bc5 4. O-O Nf6 5. d3 O-O 6. Bg5 h6 7. Bxf6 Qxf6 8.
Nc3 Ne7 9. Bd5 a5 10. Rb1 c6 11. Bc4 b5 12. Bxb5 cxb5 13. Nxb5 Bb7 14. Nc7 Rac8
15. Nb5 Ng6 16. g3 Qe6 17. c4 f5 18. exf5 Qxf5 19. Qe2 Nf4 20. gxf4 Qg4+ 21. Kh1
Bxf3+ 22. Qxf3 Qxf3+ 23. Kg1 Rxf4 24. Rfe1 Rg4+ 25. Kf1 Qxf2# 0-1

[Event "Chess # 9"]
[Site "http://www.queenalice.com/game.php?id=287043"]
[Date "2007.10.15"]
[Round "-"]
[White "Tribal_Voice"]
[Black "Bob_002"]
[Result "1-0"]
[WhiteElo "1461"]
[BlackElo "1372"]

1. Nf3 d5 2. d4 Nf6 3. Nc3 g6 4. Bf4 a6 5. Qd2 Bg7 6. Bh6 O-O 7. Bxg7 Kxg7 8. e3
Nc6 9. a3 Bg4 10. Ne5 Nxe5 11. dxe5 Nd7 12. f3 Bf5 13. O-O-O Nxe5 14. Qd4 f6 15.
e4 dxe4 16. fxe4 Qxd4 17. Rxd4 Nc6 18. Rd2 Be6 19. Bd3 Rad8 20. h3 Ne5 21. Be2
Bc4 22. Rhd1 Rd6 23. b3 Bxe2 24. Nxe2 Rfd8 25. Rd4 Rxd4 26. Nxd4 Kf7 27. a4 c5
28. Ne2 Nc6 29. Nf4 Rd4 30. Nd3 c4 31. Nf2 cxb3 32. cxb3 Rb4 33. Kb2 Nd4 34. Rd3
Ne6 35. Kc3 Rb6 36. a5 Rc6+ 37. Kb2 Nf4 38. Rg3 Rd6 39. Ka3 h5 40. e5 fxe5 41.
Rf3 Ke6 42. Ne4 Rd1 43. Nc5+ Kf7 44. g3 Rd4 45. gxf4 Rxf4 46. Re3 Rh4 47. Nxb7
Kf6 48. Nc5 g5 49. Nxa6 g4 50. hxg4 Rxg4 51. Nc5 h4 52. a6 Kf5 53. a7 Rg1 54.
Kb2 Rg8 55. b4 Ra8 56. Ra3 h3 57. Nd3 e4 58. Nf2 h2 59. b5 e3 60. b6 Rd8 61.
a8=Q Rxa8 62. Rxa8 Ke6 63. b7 exf2 64. Ra1 1-0